000 01357nam a2200241 a 4500
001 000871876
003 AM-YeHGA
005 20250617145215.0
008 120302s1976 ru r 000 0 rus d
040 _aAM-YeHGA
041 0 _arus
245 0 0 _aБиологически активные вещества плодов и ягод :
_bМатериалы V Всесоюзного семинара (27-28 марта 1975 г.) /
_cВАСХНИЛ; Отдел. Нечернозем. зоне РСФСР; Научно-исслед. зон. ин-т садовод. нечернозем полосы; Редколл. : В.Г. Трушечкин и др.
260 _aМосква :
_bБ. и.,
_c1976.
300 _a192 с. :
_bрис., табл. ;
_c20 см.
504 _aБиблиогр. после каждой главы
650 1 4 _aПлодоводство
650 1 4 _aЯгодоводство
700 1 _aТрушечкин, В.Г.
_eред.
_4edt
710 2 _aВсесоюзная академия сельскохозяйственных наук им. В.И. Ленина
710 2 _aОтделение по Нечерноземной зоне РСФСР
710 2 _aНаучно-исследовательский зональный институт садоводства нечерноземной полосы
090 _c309706
999 _c307996
_d307996